O desvio de poder orçamentário / (Record no. 656)

MARC details
000 -LÍDER
Campo Fixo de Controle 00902nam a2200277 a 4500
001 - NÚMERO DE CONTROLE
Campo de Controle 656
003 - IDENTIFICAÇÃO DO NÚMERO DE CONTROLE
Campo de Controle BR-CuiBMT
005 - DATA E HORA DA ÚLTIMA ATUALIZAÇÃO
Campo de Controle 20231112165104.0
008 - DADOS FIXOS
Dados Fixos 231101s2016 rjb 000 0 por d
020 ## - INTERNATIONAL STANDARD BOOK NUMBER
Nº do ISBN 9788584406371
040 ## - AGÊNCIA CATALOGADORA
Código da Agência Catalogadora BR-CuiBMT
Agência que transcreveu o registro BR-CuiBMT
080 ## - Nº DA CLASSIFICAÇÃO DECIMAL UNIVERSAL
Nº Class. CDU 351.9
Nº edição CDU 2007
090 ## - NÚMERO DE CHAMADA
Nº classificação 351.9
Cutter V448d
100 1# - ENTRADA PRINCIPAL -- AUTOR PESSOAL
Nome pessoal Venâncio, Denilson Marcondes
245 02 - TÍTULO PRINCIPAL
Título principal O desvio de poder orçamentário /
Indicação de responsabilidade Denilson Marcondes Venâncio ; prefácio: Profª. Dinorá Adelaide Musetti Grotti.
250 ## - EDIÇÃO
Edição
260 ## - PUBLICAÇÃO, DISTRIBUIÇÃO, ETC.
Local de publicação Rio de Janeiro :
Editora Lumen Juris,
Data 2016.
300 ## - DESCRIÇÃO FÍSICA
N. páginas ou volumes 392 p. :
Dimensões 23 cm.
504 ## - NOTA DE BIBLIOGRAFIA, ETC.
Nota de bibliografia Inclui bibliografia.
650 ## - ASSUNTO TÓPICO
Cabeçalho tópico ou nome geográfico Execução orçamentária
Subdivisão geográfica Brasil
650 ## - ASSUNTO TÓPICO
Cabeçalho tópico ou nome geográfico Administração pública
Subdivisão geral Controle
650 ## - ASSUNTO TÓPICO
Cabeçalho tópico ou nome geográfico Desvio de poder
Subdivisão geral Princípios e conceitos
650 ## - ASSUNTO TÓPICO
Cabeçalho tópico ou nome geográfico Fiscalização financeira e orçamentária
Subdivisão geográfica Brasil
650 ## - ASSUNTO TÓPICO
Cabeçalho tópico ou nome geográfico Receita pública
942 ## - ELEMENTOS DE ENTRADA ADICIONAIS (KOHA)
Fonte de classificação ou esquema de arquivamento Classificação Decimal Universal
Tipo de item do Koha Livros
Holdings
Estado: removido Estado: perdido Fonte de classificação ou esquema de arquivamento Estado: danificado Indisponível para empréstimo Localização permanente Localização atual Data de aquisição Total Checkouts Número de Chamada completo Código de barras Date last seen Número do exemplar Preço efetivo a partir de Tipo de item (Koha)
    Classificação Decimal Universal     Biblioteca da Escola Superior de Contas do TCE/MT Biblioteca da Escola Superior de Contas do TCE/MT 20/04/2017   351.9 V448d BIBTCEMT23110478 12/11/2023 Ex. 1 12/11/2023 Livros
    Classificação Decimal Universal     Biblioteca da Escola Superior de Contas do TCE/MT Biblioteca da Escola Superior de Contas do TCE/MT 20/04/2017   351.9 V448d BIBTCEMT23110479 12/11/2023 Ex. 1 12/11/2023 Livros

Powered by Koha